000 00664nam a22002297a 4500
999 _c9552
_d9552
001 9552
003 OSt
005 20180527121858.0
008 180319b1992 bg ||||| |||| 00| 0 ben d
035 _a(BD-JhCC)9552
040 _aBD-JhCC
_dBD-JhCC
041 _aben
082 _a510
_bHOS 1992
100 _aহোসেন, ড: মকবুল
245 _aগাণিতিক বিশ্লেষণ /
_cড: মকবুল হোসেন
260 _aঢাকা :
_bবাংলা একাডেমী
_c1992.
300 _a731 p. :
_c23 cm.
650 _aMathematics
650 _aMathematical Analysis
942 _2ddc
_cBK